| 000 | 01267nam0a22002891 4500 | ||
|---|---|---|---|
| 001 | rc\4523791 | ||
| 005 | 20130416181011.8 | ||
| 021 |
_aRU _b[64-37961] |
||
| 035 | _a(NLR Aleph) 008626490 | ||
| 090 |
_a8855961 _c8855961 |
||
| 100 | _a20130416d1964 |||y0rusy50 ca | ||
| 101 | 0 | _arus | |
| 102 | _aRU | ||
| 105 | _aa z ||||| | ||
| 200 | 1 |
_aКалмыки в Отечественной войне 1812 г. _eСборник документов _fПод общ. ред. Б.С. Санджиева _gКалмыц. науч.-исслед. ин-т языка, литературы и истории |
|
| 210 |
_aЭлиста _cКалмиздат _d1964 |
||
| 215 |
_a163 с. _cил. _d21 |
||
| 300 | _aНа 6-й с. сост.: Б.С. Санджиев и М.Л. Кичиков | ||
| 606 |
_aКалмыки в Отечественной войне 1812 г. _jДокументы и материалы _2psbo |
||
| 702 | 1 |
_aСанджиев _bБ. С. _4340 _4220 |
|
| 702 | 1 |
_aКичиков _bМ. Л. _4220 |
|
| 712 | 0 | 2 |
_aКалмыцкий науч.-исслед. ин-т языка, литературы и истории _cЭлиста _3RU\NLR\AUTH\889928435 |
| 801 | 0 |
_aRU _bNLR _gpsbo |
|
| 801 | 1 |
_aRU _bELAR _2rusmarc |
|
| 852 |
_aNLR _j64-3/3317 |
||
| 942 | _cBOOK | ||
| 980 | _aNB | ||